[Event "COUPE LOUBATIERE 2006"]
[Site "?"]
[Date "2006.06.11"]
[Round "4"]
[White "HUMEAU, Mickael"]
[Black "BERRY, Vincent"]
[Result "1-0"]
[WhiteElo "1830"]
[BlackElo "1710"]
[PlyCount "70"]
[EventDate "2006.??.??"]
[WhiteTeam "Angers"]
[BlackTeam "Murviel"]

1. e4 c5 2. Nc3 Nc6 3. g3 g6 4. Bg2 Bg7 5. d3 e6 6. f4 d6 7. Nf3 Nge7 8. O-O
O-O 9. Be3 f5 10. Rb1 Rb8 11. a3 b5 12. h3 b4 13. axb4 Rxb4 14. Nh2 Qb6 15. Qd2
Rxb2 16. Na4 Qb4 (16... Rxb1 17. Nxb6 Rxb6 {position sensiblement égale.}) 17.
Nxb2 Bc3 18. Qc1 Nd4 19. Rf2 Qa5 20. Nc4 Qc7 21. e5 dxe5 22. fxe5 Ndc6 23. Bxc5
Bxe5 24. Nxe5 Qxe5 25. Qe3 Qc7 26. Rb3 Rf7 27. c4 a5 28. h4 Ne5 29. Bb6 Qb8 30.
Rb5 N7c6 31. Bd4 Qd6 32. Bxe5 Nxe5 33. Qxe5 Qxd3 34. Rb8 Qxc4 35. Rf3 Qc5+ 1-0

[Event "COUPE LOUBATIERE 2006"]
[Site "?"]
[Date "2006.06.10"]
[Round "3"]
[White "GOBBO, Sébastien"]
[Black "RAYMOND, Hervé"]
[Result "1-0"]
[WhiteElo "1720"]
[BlackElo "1590"]
[PlyCount "33"]
[EventDate "2006.??.??"]
[WhiteTeam "Lyon Olympique"]
[BlackTeam "Bordeaux-Aspom"]

1. d4 d5 2. c4 e6 3. Nc3 h6 4. Nf3 Nf6 5. Bf4 c6 6. e3 Nbd7 7. Be2 Bb4 8. O-O
Be7 9. Ne5 O-O 10. Bg3 Re8 11. f4 Qb6 12. Rb1 Qa5 13. Be1 Qc7 14. Bh5 Nxh5 15.
Qxh5 Nxe5 16. fxe5 f6 {
Jolie bourde comme on en voit fréquemment dans ces parties à rythme trop rapide
} (16... Bg5 17. Rf3 b6 18. Bh4 Bxh4 19. Qxh4 Ba6) 17. Qxe8+ 1-0

[Event "COUPE LOUBATIERE 2006"]
[Site "?"]
[Date "2006.06.10"]
[Round "3"]
[White "LASSALE, Rémi"]
[Black "AUVRAY, François"]
[Result "1-0"]
[WhiteElo "1580"]
[BlackElo "1620"]
[PlyCount "37"]
[EventDate "2006.??.??"]
[WhiteTeam "Creon"]
[BlackTeam "Chartres"]

1. d4 d5 2. c4 e5 3. e3 exd4 4. Qxd4 Nf6 5. Nc3 Nc6 6. Qd1 d4 7. exd4 Qxd4 8.
Be3 Qe5 9. Nf3 Qe7 10. Be2 Be6 11. Qb3 Rd8 12. Qxb7 Nb4 13. O-O Nc2 14. Rad1
Nxe3 15. fxe3 Bd7 16. Qxa7 c5 17. e4 Nxe4 18. Nd5 Ng3 19. Nc7# {
Joli mat étouffé!} 1-0

[Event "COUPE LOUBATIERE 2006"]
[Site "?"]
[Date "2006.06.10"]
[Round "3"]
[White "TIGEON, Bruno"]
[Black "INFANTINO, Tony"]
[Result "0-1"]
[WhiteElo "1450"]
[BlackElo "1649"]
[PlyCount "84"]
[EventDate "2006.??.??"]
[WhiteTeam "Le Vésinet"]
[BlackTeam "Maizieres les Metz"]

1. e4 e5 2. Nf3 Nc6 3. Bb5 a6 4. Ba4 b5 5. Bb3 Nf6 6. O-O Be7 7. Re1 O-O 8. c3
d6 9. d4 Bg4 10. Qd3 Bxf3 11. Qxf3 exd4 12. Bg5 Ne5 13. Qh3 dxc3 14. Nxc3 Qd7
15. Bxf6 Qxh3 16. gxh3 Bxf6 17. Kh1 Nd3 18. Re2 Nxb2 19. Nd5 Nd3 20. Nxf6+ gxf6
21. Rg1+ Kh8 22. Rg4 c5 23. Bc2 Nc1 24. Re3 Nxa2 25. e5 fxe5 26. Reg3 Rg8 27.
Rh4 Rxg3 28. hxg3 Kg7 29. Rxh7+ Kf6 30. Bb3 c4 31. Bxa2 d5 32. f3 b4 33. Rh6+
Ke7 34. Bb1 b3 35. Rb6 a5 36. Rb7+ Kd6 37. h4 a4 38. Rxf7 c3 39. Rf6+ Kc5 40.
Rf7 Ra6 41. Rc7+ Rc6 42. Ra7 c2 0-1

[Event "COUPE LOUBATIERE 2006"]
[Site "?"]
[Date "2006.06.11"]
[Round "5"]
[White "HAUMESSER, Marie"]
[Black "GOBBO, Sébastien"]
[Result "1-0"]
[WhiteElo "1780"]
[BlackElo "1720"]
[PlyCount "48"]
[EventDate "2006.??.??"]
[WhiteTeam "Gaillard"]
[BlackTeam "Lyon Olympique"]

1. e4 d6 2. d4 Nf6 3. Nc3 g6 4. f4 Bg7 5. Nf3 Nbd7 6. Be2 e5 7. fxe5 dxe5 8.
O-O O-O 9. Bg5 Qe8 10. Bxf6 Bxf6 11. Nd5 Qd8 12. Nxf6+ Nxf6 13. Nxe5 Nxe4 14.
Nxf7 Qh4 15. Bc4 Kg7 16. Qe2 Bf5 17. g3 Qe7 18. Rae1 Rae8 19. g4 Qh4 20. gxf5
Nf6 21. Qf2 Qxf2+ 22. Kxf2 Ne4+ 23. Kg1 Nd2 24. f6+ Kg8 1-0

[Event "COUPE LOUBATIERE 2006"]
[Site "?"]
[Date "2006.06.11"]
[Round "5"]
[White "COPIN, Valentin"]
[Black "BLONDELON, Paul"]
[Result "1/2-1/2"]
[WhiteElo "1760"]
[BlackElo "1410"]
[PlyCount "71"]
[EventDate "2006.??.??"]
[WhiteTeam "Cannes Echecs"]
[BlackTeam "Auch"]

1. e4 d6 2. d4 Nf6 3. Nc3 g6 4. Be3 Bg7 5. Qd2 O-O 6. f3 Nc6 7. O-O-O a6 8. h4
h5 9. Bh6 e5 10. Bxg7 Kxg7 11. d5 Nd4 12. Nge2 Nxe2+ 13. Bxe2 Bd7 14. Rdg1 b5
15. g4 b4 16. Nd1 a5 17. gxh5 Nxh5 18. f4 Nxf4 19. h5 Rh8 20. Ne3 g5 21. Ng2
Qf6 22. Ne1 Nxe2+ 23. Qxe2 Qf4+ 24. Kb1 g4 25. Rf1 Qg5 26. Qh2 Raf8 27. Nf3
gxf3 28. Rhg1 Bg4 29. Rxg4 Qxg4 30. Rg1 {%08DA} Qxg1+ (30... Qg6 {Mais que ceux
qui l'auraient trouvé lèvent la main! Naturellement; c'est FRITZ qui le donne
en un millième de seconde. %05Dans cette position, le meilleur coup et
d'ailleurs^013^010 %05gagnant est:}) 31. Qxg1+ Kh6 32. Qf2 Rhg8 33. Kc1 Kxh5
34. Qxf3+ Rg4 35. Qf5+ Rg5 36. Qf3+ {Les noirs ont tort de se résigner à la
nulle. Après:^013^010 36....Kg6, ils doivent jouer pour le gain....} 1/2-1/2

[Event "COUPE LOUBATIERE 2006"]
[Site "?"]
[Date "2006.06.11"]
[Round "5"]
[White "MORET, Florian"]
[Black "BENCHIMOL, Nathan"]
[Result "0-1"]
[WhiteElo "1760"]
[BlackElo "1730"]
[PlyCount "32"]
[EventDate "2006.??.??"]
[WhiteTeam "St Dizier"]
[BlackTeam "Murviel"]

1. e4 d5 2. exd5 Nf6 3. c4 e6 4. dxe6 Bxe6 5. Nf3 Qe7 6. Qe2 Nc6 7. Nc3 O-O-O
8. b3 g6 9. Bb2 Bg7 10. Rd1 Rhe8 11. d3 Qb4 12. Qc2 Bg4+ 13. Be2 Bxf3 14. gxf3
Nd4 15. Qb1 Nxe2 16. Kd2 Bh6+ 0-1

[Event "Open du Ceit 2006"]
[Site "?"]
[Date "2006.06.??"]
[Round "5"]
[White "SANCHEZ"]
[Black "LEJARRE"]
[Result "1-0"]
[WhiteElo "2198"]
[BlackElo "2323"]
[Annotator ",Moi"]
[PlyCount "68"]
[EventDate "2006.??.??"]

1. d4 Nf6 2. c4 g6 3. Nc3 Bg7 4. e4 d6 5. Nf3 O-O 6. Be2 Na6 7. O-O e5 8. Re1
c6 9. Rb1 $6 {ce coup est interessant dans certaines variantes ou les noirs
echangent en d4 ( on quitte la diagonale a1-h8 et on prepare la percee b4-b5)
mais il me semble que ce n'est pas tres judicieux ici quand les blancs ont
deja joue Te1. Le fait est qu'apres ce coup les noirs vont prendre
l'initiative pendant un moment.} (9. Bf1 $5 {le coup logique, les blancs
menacent e5, de plus le clouage Fg4 est inefficace ici.} Bg4 $2 (9... exd4 10.
Nxd4 Ng4 $1 $11 11. Nf3 (11. f3 $2 Nxh2 $1 12. Be2 (12. Kxh2 $2 Qh4+ 13. Kg1
Be5 $1 (13... Bxd4+ $4 14. Qxd4 Qxe1 15. Bh6 $18) 14. f4 Bxd4+ 15. Qxd4 Qxe1
$19) 12... Qh4 13. Be3 {pare 13...Fxd4+} Be5 14. Qd2 Bg3 $17) 11... Qb6 12. Qe2
Nc5 13. h3 Ne5 14. Nxe5 Bxe5 15. Be3 $11) 10. dxe5 Bxf3 (10... dxe5 11. Qxd8
Raxd8 12. Nxe5 Be6 13. Nf3 $14) 11. Qxf3 dxe5 12. Be3 Qe7 {pour prevenir c5}
13. Red1 $16 {et les blancs ont une position prometteuse.}) 9... exd4 10. Nxd4
Re8 11. f3 (11. Bf3 Nd7 12. Be3 Ne5 $11) 11... Nh5 12. g4 $6 {Plus que limite
a mon avis ...Cependant, je trouvais que les autres suites a base de Ff1 ou
Fe3 ne posaient pas trop de problemes aux noirs et donc je me decide pour
cette ligne suspecte sans vraiment avoir bien calcule les consequences de la
reponse Dh4.} (12. Be3 f5 $1 13. Qd2 f4 14. Bf2 Qg5 15. Bf1 Be5 $11) (12. Bf1
Be5 13. Be3 $11) 12... Qf6 $6 {je n'avais envisage que Dh4 et sur le moment ce
coup m'a paru bien meilleur... Souvent dans ce tournoi j'ai manque de lucidite
avec parfois un peu de reussite comme dans cette partie .} (12... Qh4 $1 $15
13. Nxc6 (13. Be3 $4 Be5 $19) 13... bxc6 14. gxh5 Be5 15. f4 $8 Bd4+ 16. Qxd4 (
16. Kh1 Bxc3 17. bxc3 Nc5 $15) 16... Qxe1+ 17. Bf1 Bh3 18. Bd2 Qh4 $15) 13. Be3
Nf4 14. Bf1 h5 15. h3 hxg4 16. hxg4 Nc5 17. Qd2 Nce6 {la c'est completement
egal d'apres fritz8.Les noirs menacent quand meme 17...Cg5.} 18. Nxe6 Nxe6 19.
Bg2 (19. f4 Qh4 $15) 19... Nd4 {les noirs vont avoir beaucoup de mal a
exploiter la faiblesse en d4 alors qu'entretemps les blancs peuvent realiser
leur plan d'expansion a base de g5-f4} 20. Rf1 Be6 $2 (20... c5 21. Nd5 Qd8 22.
Bg5 f6 $8 23. Be3 $14 (23. Bh4 {est pas mal non plus})) 21. g5 $18 Qe5 22. f4
Qc5 23. Rfd1 Bg4 24. Bxd4 Bxd4+ 25. Qxd4 Bxd1 26. Rxd1 Rad8 27. Kf2 a6 28. Ke3
b5 29. b4 $1 Qxd4+ $8 (29... Qxb4 $4 30. Rh1 $18) (29... Qxc4 30. Qxc4 bxc4 31.
Kd4 $18) 30. Rxd4 c5 31. bxc5 dxc5 32. Rxd8 Rxd8 33. cxb5 axb5 34. Nxb5 Rd1 {
j'ai cesse de noter a ce moment la(la cadence est en 50'+10s par coup). Tres
mal au temps, les blancs finirent par gagner... laborieusement ...une finale
R+F+C contreR!} 1-0

[Event " MURET VETERANS 2006"]
[Site "?"]
[Date "2006.06.13"]
[Round "2"]
[White "MILNES, Anthony"]
[Black "JEAN, Robert"]
[Result "1-0"]
[WhiteElo "2132"]
[BlackElo "1924"]
[PlyCount "45"]
[EventDate "2006.??.??"]

1. e4 c5 2. Nc3 e6 3. f4 d5 4. Nf3 d4 5. Bb5+ Bd7 6. Bxd7+ Nxd7 7. Ne2 Nb6 8.
d3 Nf6 9. O-O Be7 10. Qe1 O-O 11. Qg3 Qc7 12. Qh3 Rfe8 13. Ng3 Nbd7 14. Bd2
Rad8 15. Rae1 Nf8 16. f5 e5 {? Ne voit pas le coup tactique qui suit et que le
néo-^013^010 muretain Milnes ne laisse pas échapper. %08DA} 17. Nxe5 b5 (17...
Qxe5 18. Bf4 {et la dame est morte.}) 18. Ng4 Nxg4 19. Qxg4 f6 20. Nh5 g5 21.
fxg6 Nxg6 22. Nxf6+ Bxf6 23. Rxf6 1-0

[Event " MURET VETERANS 2006"]
[Site "?"]
[Date "2006.06.14"]
[Round "3"]
[White "GREGORY, Daniel"]
[Black "ROSENFELD, Imre"]
[Result "1-0"]
[WhiteElo "2058"]
[BlackElo "2046"]
[PlyCount "135"]
[EventDate "2006.??.??"]

1. e4 e6 2. d3 d5 3. Nd2 Nf6 4. Ngf3 Be7 5. g3 O-O 6. Bg2 c5 7. O-O Nc6 8. Re1
dxe4 9. dxe4 e5 10. c3 Qc7 11. Qc2 b6 12. Nf1 Bb7 13. Ne3 Rad8 14. Nf5 Rfe8 15.
Nxe7+ Nxe7 16. Bg5 Rd7 17. Nh4 Red8 18. Bh3 Rd6 19. Nf3 Ng6 20. Nd2 h6 21. Be3
Ba6 22. Bf1 Bxf1 23. Nxf1 Qc6 24. f3 Ne7 25. Rad1 Qd7 26. Rxd6 Qxd6 27. Re2 Qd3
28. Qxd3 Rxd3 29. Rd2 Rd7 30. Kf2 Kf8 31. Rxd7 Nxd7 32. Nd2 Nc8 33. Nc4 Ke7 34.
f4 f6 35. f5 Nd6 36. Nxd6 Kxd6 37. Kf3 c4 38. Kg4 Ke7 39. h3 Nb8 40. Kf3 Nd7
41. g4 Kf7 42. Ke2 Ke7 43. Kd2 Kd6 44. Bf2 Nc5 45. Bxc5+ Kxc5 46. Ke3 b5 47.
Kf3 b4 48. Kg3 bxc3 49. bxc3 {Finale gagnante pour les blancs %08DA} Kd6 50.
Kh4 Ke7 51. Kh5 Kf7 52. h4 Kf8 53. g5 fxg5 54. hxg5 hxg5 55. Kg4 Ke7 56. Kxg5
Kf7 57. Kg4 Kf6 58. Kh5 Kf7 59. Kg5 a6 60. a3 Ke7 61. Kg6 Kf8 62. f6 gxf6 63.
Kxf6 Ke8 64. Kxe5 Ke7 65. Kd5 Kf6 66. e5+ Ke7 67. Kxc4 Ke6 68. Kd4 1-0

[Event "MURET VETERANS 2006"]
[Site "?"]
[Date "2006.06.14"]
[Round "3"]
[White "AUGE, Jean"]
[Black "ROUEDE, Gilbert"]
[Result "1-0"]
[WhiteElo "1950"]
[BlackElo "1829"]
[PlyCount "75"]
[EventDate "2006.??.??"]

1. e4 c5 2. f4 Nc6 3. Nf3 e6 4. c3 d5 5. e5 Qb6 6. Na3 Bd7 7. Nc2 Nge7 8. d4
Nf5 9. g4 Nh6 10. a3 Be7 11. Bg2 cxd4 12. Ncxd4 Nxd4 13. Qxd4 Bc5 14. Qd2 O-O-O
15. b4 Be7 16. Qe3 Qxe3+ 17. Bxe3 Kb8 18. h3 Rc8 19. Kd2 f6 20. Bd4 Nf7 21.
Rhe1 h5 22. exf6 gxf6 23. g5 Rhg8 24. h4 Nd6 25. Bh3 Ne4+ 26. Kd3 Bd6 27. Rxe4
dxe4+ 28. Kxe4 Bc6+ 29. Ke3 Rce8 {??} (29... e5 {
%05Ne voit pas la suite qui donne un gros avantage aux %05noirs:} 30. fxe5 fxe5
31. Bc5 (31. Bxe5 Rce8 32. Kf4 Rgf8+ 33. Bf5 Rxe5 34. Nxe5 Bd7 35. Ke3 Bxf5 36.
Nd3 Bg3)) 30. Bxf6 Bd5 31. Be5 Bxe5 32. Nxe5 Rc8 33. Rc1 Rc7 34. a4 Bb3 35. a5
Ba4 36. c4 a6 37. c5 Rd8 38. Bf1 1-0

[Event "MURET VETERANS 2006"]
[Site "?"]
[Date "2006.06.15"]
[Round "4"]
[White "ZARROUATI, Pierre"]
[Black "GREGORY, Daniel"]
[Result "0-1"]
[WhiteElo "2154"]
[BlackElo "2056"]
[PlyCount "90"]
[EventDate "2006.??.??"]

1. c4 Nf6 2. Nc3 d5 3. cxd5 Nxd5 4. Nf3 g6 5. d4 Nxc3 6. bxc3 Bg7 7. e3 O-O 8.
Ba3 b6 9. Qb3 Bb7 10. Be2 Nd7 11. Rd1 Nf6 12. O-O Re8 13. Bb5 c6 14. Bc4 e6 15.
Ne5 Qc7 16. f3 Nd5 17. Bxd5 cxd5 18. f4 Rac8 19. Rc1 Ba6 20. Rf2 f6 21. Qa4 Qb7
22. Nf3 Bc4 23. g4 Qc6 24. Qc2 e5 25. g5 exf4 26. exf4 fxg5 27. Nxg5 Qf6 28.
Qd2 Qf5 29. Re1 h6 30. Nf3 Bd3 31. Ne5 Be4 32. Qe3 Bf6 33. Qg3 Kh7 34. h4 Rg8
35. Ng4 Bd8 36. Ref1 {%08DA} Rxc3 {!} 37. Qxc3 Qxg4+ 38. Kh2 Bxh4 39. Rb2 Bf6
40. Re2 Rc8 41. Qe3 Qh4+ 42. Kg1 Qh1+ 43. Kf2 Qg2+ 44. Ke1 Bh4+ 45. Ref2 Rc2
0-1

[Event "MURET VETERANS 2006"]
[Site "?"]
[Date "2006.06.16"]
[Round "5"]
[White "ROSENFELD, Imre"]
[Black "LECOULTRE, Patrick"]
[Result "1-0"]
[WhiteElo "2046"]
[BlackElo "1750"]
[PlyCount "76"]
[EventDate "2006.??.??"]

1. d4 Nf6 2. Nf3 g6 3. Nbd2 Bg7 4. c3 d5 5. e3 O-O 6. Be2 b6 7. O-O Ba6 8. c4
c5 9. dxc5 bxc5 10. cxd5 Nxd5 11. Nc4 Nb6 12. Qc2 Nc6 13. a3 Qd5 14. Rd1 Qe6
15. Nxb6 axb6 16. Bxa6 Rxa6 17. Bd2 Na5 18. Bc3 c4 19. Bxg7 Kxg7 20. Nd4 Qc8
21. Qc3 Kg8 22. Rac1 e5 23. Nf3 f6 24. Rd6 b5 25. Rcd1 Rxd6 26. Rxd6 Qc7 27.
Qd2 Kh8 28. Qd5 c3 29. bxc3 Qxc3 30. h3 Qc4 31. Qd1 Qc7 32. Rd7 Qc6 33. Nh4 Nc4
34. Ra7 Ra8 35. Rxa8+ Qxa8 36. Qd7 Qf8 37. Qxb5 Nxa3 38. Qb3 Qe8 $4 ({
La nulle semble assurée avec: .} 38... Kg7) 1-0

[Event "MURET VETERANS 2006"]
[Site "?"]
[Date "2006.06.18"]
[Round "6"]
[White "LUNEAU, Gilles"]
[Black "PHAN, Van Chuong"]
[Result "0-1"]
[WhiteElo "1931"]
[BlackElo "1870"]
[PlyCount "64"]
[EventDate "2006.??.??"]

1. c4 Nf6 2. Nc3 d6 3. g3 g6 4. Bg2 c6 5. Nf3 Bg7 6. O-O O-O 7. d3 Nbd7 8. Rb1
Ng4 9. h3 Ngf6 10. Bd2 Qb6 11. b4 a5 12. bxa5 Qxa5 13. a4 Nc5 14. Ne4 Qxa4 15.
Nxc5 Qxd1 16. Rfxd1 dxc5 17. Bf4 Nd7 18. h4 h6 19. Bh3 e6 20. Nd2 Ra2 21. Bg4
e5 22. Bxd7 exf4 23. Bxc8 Rxc8 24. Rxb7 fxg3 25. fxg3 Bd4+ 26. Kf1 Re8 27. e4
Re6 28. e5 Rxe5 29. Ne4 Rf5+ 30. Ke1 Bf2+ 31. Nxf2 Rfxf2 32. Ra7 {
Pas mal, n'est-ce pas?} Rae2# 0-1

[Event "MURET VETERANS 2006"]
[Site "?"]
[Date "2006.06.19"]
[Round "6"]
[White "ZARROUATI, Pierre"]
[Black "ROSENFELD, Imre"]
[Result "1-0"]
[WhiteElo "2154"]
[BlackElo "2046"]
[PlyCount "63"]
[EventDate "2006.??.??"]

1. d4 d5 2. Nf3 Nf6 3. c4 e6 4. e3 c6 5. Be2 Nbd7 6. Nc3 Bd6 7. Qc2 O-O 8. O-O
dxc4 9. Bxc4 e5 10. Rd1 Qe7 11. h3 h6 12. a3 exd4 13. exd4 Nb6 14. Ba2 Nbd5 15.
Re1 Qd8 16. Bd2 Be6 17. Rad1 Qc8 18. Bb1 Qc7 19. Ne5 Rfe8 20. Re2 Rad8 21. Rde1
Qc8 22. b4 Nxc3 23. Bxc3 Bd5 24. Ng4 Rxe2 25. Nxf6+ gxf6 26. Qh7+ Kf8 27. Rxe2
Be6 28. Qxh6+ Ke8 29. Bf5 Be7 30. Bxe6 fxe6 31. Qg6+ Kf8 32. Bd2 1-0

[Event "MURET VETERANS 2006"]
[Site "?"]
[Date "2006.06.20"]
[Round "7"]
[White "ROSENFELD, Imre"]
[Black "JEAN, Robert"]
[Result "1/2-1/2"]
[WhiteElo "2046"]
[BlackElo "1924"]
[PlyCount "145"]
[EventDate "2006.??.??"]

1. d4 Nf6 2. Nf3 g6 3. Bg5 Bg7 4. Nbd2 d5 5. e3 O-O 6. Be2 c6 7. O-O h6 8. Bh4
Nbd7 9. c3 g5 10. Bg3 Nh5 11. Qc2 Nxg3 12. hxg3 e5 13. Rfe1 e4 14. Nh2 f5 15.
c4 Nf6 16. cxd5 cxd5 17. Rac1 Bd7 18. Qc5 a6 19. Nb3 Rc8 20. Qb4 b5 21. Rxc8
Bxc8 22. Rc1 Re8 23. Nf1 Bf8 24. Nc5 Bd6 25. Qb3 Kh8 26. a4 bxa4 27. Qxa4 a5
28. Nd2 Re7 29. Ra1 Ra7 30. b4 Bc7 31. Ndb3 Qd6 32. Nxa5 Nd7 33. Rc1 f4 34. Bg4
fxe3 35. Nxd7 exf2+ 36. Kf1 Qxg3 37. Ne5 Ba6+ 38. Be2 Bxe2+ 39. Kxe2 Bxe5 40.
Qe8+ Kh7 41. dxe5 Qd3+ 42. Kxf2 Qd2+ 43. Kg1 Qxc1+ 44. Kh2 Qf4+ 45. Kg1 e3 46.
Qb5 Qf2+ 47. Kh2 Qf4+ 48. Kg1 Qxe5 49. Qe2 Rc7 50. Nb3 d4 51. Nc5 Ra7 52. Nb3 {
La supériorité des noirs est écrasante. Mais à partir d'ici, ils vont errer
totalement, à tel point que la partie va se terminer par la nulle. Incroyable.
.... %08DA} Rf7 53. Nc1 Rf2 54. Qg4 Qf6 55. Qd7+ Kg6 56. Qe8+ Qf7 57. Qe4+ Rf5
{?? Un coup abominable, et pourtant les noirs ne sont pas en zeinot!} 58. g4 h5
59. gxf5+ Qxf5 60. Qxf5+ Kxf5 {
De nouveau, les noirs ont une partie gagnante..... qu'ils ne gagneront pas!}
61. b5 Ke6 62. Nd3 Kd6 63. Kg2 Kc7 64. Ne1 Kb6 65. Nc2 e2 66. Kf2 d3 67. Nb4
Kxb5 68. Nxd3 h4 69. Kxe2 Kc4 70. Ne5+ Kd5 71. Nf3 h3 72. Kf2 g4 73. Nh2
1/2-1/2

[Event "MURET VETERANS 2006"]
[Site "?"]
[Date "2006.06.15"]
[Round "2"]
[White "OKHOTNIK, Vladimir"]
[Black "MILNES, Anthony"]
[Result "1/2-1/2"]
[WhiteElo "2475"]
[BlackElo "2132"]
[PlyCount "136"]
[EventDate "2006.??.??"]

1. e4 e6 2. d4 d5 3. exd5 exd5 4. c4 Bb4+ 5. Nc3 Ne7 6. Bd3 Bf5 7. c5 c6 8. Nf3
O-O 9. O-O Nd7 10. Bg5 f6 11. Bf4 Bxd3 12. Qxd3 Re8 13. a3 Ba5 14. b4 Bc7 15.
Bg3 Nf8 16. b5 Qd7 17. Rab1 Rab8 18. Rb2 Bxg3 19. hxg3 Qf5 20. Qd2 g5 21. Rfb1
Nd7 22. a4 h5 23. a5 a6 24. bxa6 bxa6 25. Rxb8 Rxb8 26. Re1 Re8 27. Qe2 Nb8 28.
Nd2 g4 29. Na4 Kf8 30. Nb6 Qg6 31. Nb3 Nf5 32. Qd2 Rxe1+ 33. Qxe1 Qe8 34. Qb1
Qe4 35. Qxe4 dxe4 36. d5 cxd5 37. Nxd5 Kf7 38. Nb4 Ke6 39. Kf1 e3 40. Ke2 exf2
41. Kxf2 Ke5 42. c6 Kd6 43. c7 Kxc7 44. Nd5+ Kc6 45. Nxf6 Ng7 46. Ke3 Kb5 47.
Kf4 Nc6 48. Kg5 Nxa5 49. Nc1 Nc4 50. Kg6 Ne6 51. Kxh5 Ne3 52. Nxg4 Nxg2 53. Kg6
Nd4 54. Kf6 a5 55. Ke5 Kc4 56. Ke4 a4 57. Ne5+ Kc3 58. Na2+ Kb2 59. Kxd4 Kxa2
60. Kd3 Kb3 61. Nf3 a3 62. Nd4+ Kb4 63. Kc2 Ne1+ 64. Kb1 Nd3 65. g4 Ne5 66. g5
Ng6 67. Kc2 Kc5 68. Kb3 Kd5 1/2-1/2

[Event "OPEN DE CONDOM 2006"]
[Site "Condom"]
[Date "????.??.??"]
[Round "1.6"]
[White "Dargagnon, Remi"]
[Black "Colin, Vincent"]
[Result "0-1"]
[WhiteElo "2069"]
[BlackElo "2415"]
[PlyCount "54"]

1. d4 Nf6 2. c4 e6 3. Nf3 Nc6 4. a3 g6 5. Nc3 Bg7 6. Bg5 h6 7. Bxf6 Bxf6 8. e3
d6 9. d5 Ne7 10. Qc2 O-O 11. Be2 Bxc3+ 12. Qxc3 exd5 13. Qf6 Be6 14. Qf4 g5 15.
Qd4 dxc4 16. Bxc4 Nc6 17. Qc3 Bxc4 18. Qxc4 Qf6 19. O-O Rfe8 20. Nd2 Qxb2 21.
Ra2 Qe5 22. Rb1 d5 23. Qg4 Rab8 24. Rb5 a6 25. Rc5 Rbd8 26. Nf1 Qe6 27. Qg3 Qd6
0-1

[Event "OPEN DE CONDOM 2006"]
[Site "Condom"]
[Date "????.??.??"]
[Round "1.23"]
[White "Marciniak, Gerard"]
[Black "Woloszyn, Florent"]
[Result "1-0"]
[WhiteElo "2162"]
[BlackElo "1980"]
[PlyCount "45"]

1. d4 d5 2. c4 e6 3. Nc3 Nf6 4. Nf3 Nbd7 5. Bg5 c6 6. e3 Qa5 7. Nd2 Bb4 8. Qc2
O-O 9. a3 dxc4 10. Bxf6 Nxf6 11. Nxc4 Bxc3+ 12. bxc3 Qd5 13. f3 b6 14. Ne5 Rd8
15. e4 Qd6 16. Nxf7 Kxf7 17. e5 Qe7 18. exf6 Qxf6 19. Bd3 Bb7 20. O-O Rac8 21.
Be4 Ba6 22. Rfd1 g6 23. Qa4 1-0

[Event "OPEN DE CONDOM 2006"]
[Site "Condom"]
[Date "????.??.??"]
[Round "2.36"]
[White "Woloszyn, Florent"]
[Black "Iwanesko, Alexandre"]
[Result "1-0"]
[WhiteElo "1980"]
[BlackElo "1760"]
[PlyCount "41"]

1. d4 d5 2. c4 c6 3. Nf3 Nf6 4. Nc3 dxc4 5. a4 Bf5 6. e3 Nbd7 7. Bxc4 e6 8. O-O
Be7 9. Qe2 O-O 10. e4 Bg4 11. Rd1 Re8 12. h3 Bh5 13. Bf4 Qc8 14. Rac1 Bf8 15.
e5 c5 16. exf6 cxd4 17. Nb5 Qc5 18. g4 Bg6 19. Nc7 Qc6 20. Nxe8 Be4 21. Nxd4
1-0

[Event "OPEN DE CONDOM 2006"]
[Site "Condom"]
[Date "????.??.??"]
[Round "3.7"]
[White "Cioara, Andrei Nestor"]
[Black "Rouede, Gilbert"]
[Result "1-0"]
[WhiteElo "2412"]
[BlackElo "1825"]
[PlyCount "61"]

1. e4 c5 2. Nf3 d6 3. d4 cxd4 4. Nxd4 Nf6 5. Nc3 a6 6. Be3 e6 7. f3 Be7 8. g4
Nc6 9. Qd2 Qc7 10. O-O-O Nxd4 11. Bxd4 e5 12. Be3 Be6 13. Kb1 b5 14. h4 Rb8 15.
Nd5 Nxd5 16. exd5 Bc8 17. Bd3 b4 18. g5 f5 19. gxf6 Bxf6 20. Bg5 O-O 21. Be4 a5
22. Rdg1 Kh8 23. Rh2 a4 24. Rhg2 b3 25. cxb3 axb3 26. axb3 Bh3 27. Rg3 Qd7 28.
Bxf6 gxf6 29. Qh6 Rf7 30. Rxh3 Qxh3 31. Bxh7 1-0

[Event "OPEN DE CONDOM 2006"]
[Site "Condom"]
[Date "????.??.??"]
[Round "6.40"]
[White "Benmesbah, Sarah"]
[Black "Fantinel, Thibault"]
[Result "1-0"]
[WhiteElo "1799"]
[BlackElo "1900"]
[PlyCount "57"]

1. e4 c5 2. Nc3 Nc6 3. f4 g6 4. Nf3 Bg7 5. a3 e6 6. b4 b6 7. Rb1 Nge7 8. Nb5 d6
9. Bb2 Bxb2 10. Rxb2 a6 11. Nc3 O-O 12. Be2 Qc7 13. bxc5 bxc5 14. O-O Bb7 15.
Qe1 Nd4 16. Qh4 Nxf3+ 17. Bxf3 Rab8 18. Rfb1 Nc6 19. f5 Nd4 20. f6 Nxf3+ 21.
gxf3 h5 22. Qg5 Kh7 23. Nd1 Bc6 24. Ne3 Rxb2 25. Ng4 Rxb1+ 26. Kf2 hxg4 27.
Qh4+ Kg8 28. Qh6 g3+ 29. hxg3 1-0

[Event "OPEN DE CONDOM 2006"]
[Site "Condom"]
[Date "????.??.??"]
[Round "7.26"]
[White "Brethes, Francois"]
[Black "Catala, Laurent"]
[Result "0-1"]
[WhiteElo "2158"]
[BlackElo "1930"]
[PlyCount "56"]

1. e4 e5 2. Nf3 Nc6 3. Bb5 d6 4. O-O a6 5. Ba4 b5 6. Bb3 Be7 7. c3 Nf6 8. Re1
O-O 9. d4 exd4 10. cxd4 Bg4 11. Be3 Na5 12. Bc2 c5 13. Nbd2 cxd4 14. Bxd4 Nc6
15. Be3 d5 16. exd5 Nxd5 17. Bxh7+ Kxh7 18. Qc2+ Kg8 19. Qxc6 Nxe3 20. Rxe3 Bf6
21. Qc2 Rc8 22. Qb3 Re8 23. Rxe8+ Qxe8 24. Re1 Be6 25. Qa3 Qc6 26. Ne4 Bd5 27.
Nfd2 Bxe4 28. Nxe4 Qxe4 0-1

[Event "37th Olympiad"]
[Site "Turin ITA"]
[Date "2006.05.28"]
[Round "7"]
[White "Sokolov, Iv"]
[Black "Aronian, L."]
[Result "0-1"]
[WhiteElo "2676"]
[BlackElo "2756"]
[PlyCount "38"]
[EventDate "2006.05.21"]

1. d4 Nf6 2. c4 e6 3. Nc3 Bb4 4. Qc2 d5 5. cxd5 exd5 6. Bg5 c5 7. dxc5 h6 8.
Bh4 g5 9. Bg3 Ne4 10. Bxb8 {%08DA} Qf6 {On ne récupère pas la pièce!} 11. Bg3
Nxc3 12. a3 Bf5 13. Qd2 Ba5 14. b4 Ne4 15. Qc1 Rc8 {
On donne une deuxième pièce!} 16. Ra2 (16. bxa5 Rxc5 17. Qd1 (17. Qb1 Qc3+)
17... Qc3+ {et mat imparable}) 16... Rxc5 17. Qa1 Qc6 18. Qe5+ Kd8 19. Qxh8+
Kd7 {Une partie brilantissime!} 0-1